000 01506cam a22004457a 4500
003 CHAP
005 20220329140800.0
008 971013s1995 r 00010 d
010 _a57502
011 _a58474
020 _a0-7923-6419-8
020 _a0792330706
035 _a62629
040 _cCHAP
082 _a581.33
_bJ3
100 0 0 _aJain, S. Mohan
_eed.
_960943
245 0 _aSomatic embryogenesis in woody plants
260 _aDordrecht :
_bKluwer,
_c1995
300 _av.
_b: ilus.
490 0 _aForestry sciences
500 _aLa biblioteca tiene : v.2 Angiosperms, v.6
590 _aBATCH-UPD
_b10
_c20130110
_lUCH01
_h0057
590 _aBATCH-UPD
_b10
_c20130110
_lUCH01
_h0816
590 _aBATCH-UPD
_b10
_c20130409
_lUCH01
_h2046
590 _aBATCH-UPD
_b10
_c20130410
_lUCH01
_h0453
590 _aBATCH-UPD
_b10
_c20130914
_lUCH01
_h0334
590 _aCONVERSION
_b10
_c20130109
_lUCH01
_h1331
650 1 4 _aAngiospermas.
_95797
650 1 4 _aCultivo de tejidos.
_930213
650 1 4 _aMicropropagación.
_975532
650 1 4 _aPlantas leñosas
_xPropagación.
_989027
650 1 4 _aPlantas
_xEmbriología.
_988825
700 0 _aGupta, Pramod K.
_eed.
_951530
700 0 _aNewton, Ronald J.
_eed.
_981107
830 0 _aForestry sciences
_942379
901 _aBK
942 _cLIBRO
949 _a581.33 J3
_bBC
_cLIBRO
_d33724000082145
_eLIBRO
_fv.2
_gI.180436
_h89860
_i62629
_si
_t1855.00
949 _a581.33 J3
_bBC
_cLIBRO
_d33724000957262
_eLIBRO
_fv.6
_gI.224575
_h105775
_i62629
_si
_t$ 3 445.00
999 _c57502
_d57502